Data modeling : (Record no. 976)
[ view plain ]
| 000 -LEADER | |
|---|---|
| fixed length control field | 00487nam a22001817a 4500 |
| 005 - DATE AND TIME OF LATEST TRANSACTION | |
| control field | 20150602073708.0 |
| 008 - FIXED-LENGTH DATA ELEMENTS--GENERAL INFORMATION | |
| fixed length control field | 150602b xxu||||| |||| 00| 0 eng d |
| 020 ## - INTERNATIONAL STANDARD BOOK NUMBER | |
| International Standard Book Number | 9780071623988 |
| 041 0# - LANGUAGE CODE | |
| Language code of text/sound track or separate title | eng |
| 080 ## - UNIVERSAL DECIMAL CLASSIFICATION NUMBER | |
| Universal Decimal Classification number | 004.4 |
| 100 ## - Rafti | |
| Rafti | Oppel, Andy |
| 245 ## - TITLE STATEMENT | |
| Title | Data modeling : |
| Statement of responsibility, etc | Andy Oppel. |
| 260 ## - | |
| -- | New York : |
| -- | McGraw-Hill, |
| -- | c2010. |
| 300 ## - | |
| -- | xxiii, 338 p. : |
| -- | me il.; |
| -- | 24 cm. |
| 650 #0 - | |
| -- | Modelimi i Databazave |
| 700 1# - | |
| -- | Andy Oppel |
| 942 ## - ADDED ENTRY ELEMENTS (KOHA) | |
| Source of classification or shelving scheme | |
| Item type | Books |
No items available.